000 00323nam a22001337a 4500
008 170619b xxu||||| |||| 00| 0 eng d
020 _a9780415906425
041 _aeng
080 _a32
100 _a20
101 _aSHP
245 _aMORAL BOUMDARIES A POLITICAL FOR AN ETHICS CARE
_cTRONTO.J.C
942 _2udc
_cBK
999 _c18184
_d18184